| 000 | 00607nam a2200229 a 4500 | ||
|---|---|---|---|
| 001 | BRL_1107 | ||
| 005 | 20190320211034.0 | ||
| 008 | 121113s1972----mx-a######---#000-0#spa-# | ||
| 041 | _aspa | ||
| 044 | _amx | ||
| 050 | 4 |
_aF1220 _b.M65 1972 |
|
| 100 | 1 |
_aMoirón, Sara _925809 |
|
| 245 | 1 | 0 |
_aEn el nombre del indio _cReportaje de Sara Moirón. |
| 250 | _a2a ed. | ||
| 260 |
_aMéxico _bSamo _c1972 |
||
| 300 |
_a190 p. _bil. _c17 cm. |
||
| 440 | 0 |
_aCuarta dimensión _925810 |
|
| 500 | _aAu1288 | ||
| 650 | 1 | 4 |
_aIndígenas de México _xRelaciones gubernamentales _925811 |
| 902 | _aGRL | ||
| 942 |
_2lcc _cB |
||
| 999 |
_c9919 _d9919 |
||